Protestant Religion Denominations - Statistics

General Stats
  • This quiz has been taken 268 times
  • The average score is 5 of 12
Answer Stats
Hint Answer % Correct
Based on the theology of Martin Luther, who initiated the Protestant Reformation Lutheranism
94%
Started with the Church of England Anglicanism
75%
Founded by John Wesley Methodism
66%
Formally known as the "Religious Society of Friends" or "Friends Church" Quakerism
55%
Broke away directly from the Catholic church, rather than the Lutheranism movement Calvinism
48%
Places special emphasis on a direct personal experience of God through baptism Pentecostalism
37%
Only baptize professing believers, using full immersion Baptists
35%
The Amish form part of this denomination Anabaptism
31%
A cross-denomination movement, believe in the 'born again' salvation Evangelicalism
29%
Started when an American Baptist Preacher announced the second coming of Jesus Christ would occur between 1843 and 1844 Adventism
25%
A Christian movement, started on the American Frontier during the second great awakening Restoration Movement
1%
Places emphasis on the use of charismata (or spiritual gifts) such as glossolalia, prophecy, divine healing, and divine revelation Neo-charismatic
0%
No matching quizzes found
Score Distribution
Percent of People with Each Score
Percentile by Number Answered
Your Score History
You have not taken this quiz